00850nam a22001697a 4500003000900000005001700009008004100026040001300067110002900080245015900109260002800268300004100296500011100337650005000448651005000498856013200548BR-ViAPE20260422122039.0260422s1913 por gs||||s000 0 por d cBR-ViAPE aEspírito SantobEstado aExposição sobre os negocios do Estado no quatriennio de 1909 a 1912 pelo Exm. Sr. Dr. Jeronymo Monteiro Presidente do Estado durante o mesmo período aVitóriab[s.n.]c1913 a482 p.bDocumento digitalizado (PDF) aDocumento digitalizado do acervo institucional do Arquivo Público do Estado do Espírito Santo - APEES. aAdministração públicazEspírito Santo aEspírito SantoxAdministração pública uhttps://ape.es.gov.br/Media/ape/PDF/Mensagens/Mensagem-2024/Mensagem%20-%20ano%201913.pdfyCLIQUE AQUI PARA ACESSAR O DOCUMENTO